Fenomenología de la esterilización de alimentos líquidos enlatados (Registro nro. 533271)

Detalles MARC
001 - NÚMERO DE CONTROL
campo de control 1183457
005 - FECHA Y HORA DE LA ÚLTIMA TRANSACCIÓN
campo de control 20240202093601.0
008 - DATOS DE LONGITUD FIJA--INFORMACIÓN GENERAL
campo de control de longitud fija 091211e20091231 spa
035 ## - NÚMERO DE CONTROL DEL SISTEMA
Número de control de sistema 1183457
035 ## - NÚMERO DE CONTROL DEL SISTEMA
Número de control de sistema (OCoLC)820520174
040 ## - FUENTE DE LA CATALOGACIÓN
Centro/agencia transcriptor comduadb
041 ## - CÓDIGO DE LENGUA
Código de lengua del texto/banda sonora o título independiente spa
100 10 - ENTRADA PRINCIPAL--NOMBRE DE PERSONA
Nombre de persona Alvarado, Juan
Código de función aut
Término indicativo de función/relación Autor/a
9 (RLIN) 563487
245 10 - MENCIÓN DE TÍTULO
Título Fenomenología de la esterilización de alimentos líquidos enlatados
650 ## - PUNTO DE ACCESO ADICIONAL DE MATERIA--TÉRMINO DE MATERIA
Término de materia o nombre geográfico como elemento de entrada Esterilización de alimentos
9 (RLIN) 29066
650 ## - PUNTO DE ACCESO ADICIONAL DE MATERIA--TÉRMINO DE MATERIA
Término de materia o nombre geográfico como elemento de entrada Ecuaciones Navier-Stokes
9 (RLIN) 83472
650 ## - PUNTO DE ACCESO ADICIONAL DE MATERIA--TÉRMINO DE MATERIA
Término de materia o nombre geográfico como elemento de entrada Modelación matemática
9 (RLIN) 153477
700 10 - ENTRADA AGREGADA--NOMBRE PERSONAL
Nombre de persona Botello, Enrique
Código de función aut
Término indicativo de función/relación Autor/a
9 (RLIN) 563488
700 10 - ENTRADA AGREGADA--NOMBRE PERSONAL
Nombre de persona Jiménez, Hugo R.
Código de función aut
Término indicativo de función/relación Autor/a
9 (RLIN) 413943
700 10 - ENTRADA AGREGADA--NOMBRE PERSONAL
Nombre de persona Botello, Enrique
Código de función aut
Término indicativo de función/relación Autor/a
9 (RLIN) 563488
700 10 - ENTRADA AGREGADA--NOMBRE PERSONAL
Nombre de persona Jiménez, Hugo R.
Código de función aut
Término indicativo de función/relación Autor/a
9 (RLIN) 413943
773 0# - ENLACE AL DOCUMENTO FUENTE/ENTRADA DE REGISTRO ANFITRIÓN
Título Revista Facultad de Ingeniería (Medellín)
Parte(s) relacionada(s) Número 50, Diciembre 2009, p. 87-98
Número de control del registro 120998
Número Internacional Normalizado para Publicaciones Seriadas 0120-6230
Número bibliográfico anfitrión 67890
942 ## - ELEMENTOS DE ENTRADA AGREGADA (KOHA)
Tipo de ítem Koha Artículo de Revista

No hay ítems disponibles.